| 000 | 01452nkm a2200313 i 4500 | ||
|---|---|---|---|
| 001 | 3321 | ||
| 003 | ES-MaACL | ||
| 005 | 20250829062524.0 | ||
| 007 | khrbo | ||
| 008 | 051013s1984 sp --- g |001||spa d | ||
| 100 | 0 |
_aAlfonso, _d1902-1990 _919858 |
|
| 245 | 1 | 0 |
_aLímites de la guerra hoy _b: ¿soberanía limitada? [ _hFotografía] / _cAlfonso (sello). |
| 260 |
_a[S.l. : _bs.n.], _c1984. |
||
| 300 |
_a4 fot. : _bb. y n. ; _c12,5 x 18 cm. |
||
| 490 | 1 | _aProblemas actuales sobre la guerra y la paz | |
| 500 | _aDatos basados en invitación. | ||
| 511 | 0 | _aIntervienen: Alejandro Rodríguez Carrión, Jaime Pastor, Cesar Navarro de Francisco. | |
| 518 | _aActo organizado por la Universidad Nacional de Educación a Distancia en colaboración con el Ateneo de Madrid, celebrado en el salón de actos del Ateneo el 26 de marzo de 1984, a las 19:30 h. | ||
| 600 | 1 | 4 |
_aRodríguez Carrión, Alejandro J. _998409 |
| 600 | 1 | 4 |
_aPastor, Jaime, _d1946- _989478 |
| 600 | 1 | 4 |
_aNavarro de Francisco, César, _d1932- _985113 |
| 610 | 2 | 4 |
_aAteneo de Madrid- _xActos culturales- _y1984- _vFotografías. _91898 |
| 710 | 2 |
_aAteneo de Madrid. _91875 |
|
| 710 | 2 |
_aUniversidad Nacional de Educación a Distancia (España) _97405 |
|
| 830 | 0 |
_aProblemas actuales sobre la guerra y la paz _9176761 |
|
| 852 |
_aES-MaACL _jFOT 28/1984 |
||
| 856 | 4 |
_uhttp://www.ateneodemadrid.net/biblioteca_digital/imagenes/1984/0028-1984.jpg _zVer imagen |
|
| 999 |
_c3321 _d3321 |
||